00290nam a22001097a 4500040000700000082000800007100004600015245007800061260001900139942000700158999001500165 cSK a634 aCHAY CHETHA; ចាយ ជេដ្ឋា aForest management; ការគ្រប់គ្រងព្រៃឈើ aRUAbCHYc2008 cKB c8825d8825